[Event "POR-ch (Women) rapid"]
[Site "Lisbon"]
[Date "2014.04.12"]
[Round "6"]
[White "Santos, Ines Sofia Oliveira"]
[Black "Baptista, Ana Filipa"]
[Result "1-0"]
[WhiteElo "1769"]
[BlackElo "2128"]
[PlyCount "63"]
[EventDate "2014.04.12"]
[EventType "swiss (rapid)"]
[EventRounds "6"]
[EventCountry "POR"]
[SourceTitle "EXT 2015"]
[Source "ChessBase"]
[SourceDate "2014.11.20"]
[SourceVersion "1"]
[SourceVersionDate "2014.11.20"]
[SourceQuality "1"]

1. e4 c5 2. Nf3 e6 3. d4 cxd4 4. Nxd4 Nf6 5. Nc3 d6 6. Be3 Nc6 7. Be2 a6 8. a4 Qc7 9. Nb3 b6 10. 0-0 Be7 11. f3 0-0 12. Qe1 Bb7 13. Qf2 Nd7 14. Rad1 Nce5 15. f4 Nc6 16. f5 Nc5 17. Qg3 Nxb3 18. Bh6 g6 19. Bxf8 Bxf8 20. cxb3 exf5 21. exf5 Ne5 22. fxg6 hxg6 23. Rd4 Bg7 24. Rdf4 Re8 25. Bc4 d5 26. Bxd5 Bxd5 27. Nxd5 Qc5+ 28. Ne3 Bh6 29. Re4 Nf3+ 30. Qxf3 Rxe4 31. Qxe4 Bxe3+ 32. Kh1 1-0

[Event "POR-ch U18"]
[Site "Braga"]
[Date "2013.08.02"]
[Round "1.3"]
[White "Santos, Ines Sofia Oliveira"]
[Black "Medeiros, Atila Fernandes De"]
[Result "1-0"]
[WhiteElo "1756"]
[BlackElo "1526"]
[PlyCount "109"]
[EventDate "2013.08.02"]
[EventType "swiss"]
[EventRounds "7"]
[EventCountry "POR"]
[SourceTitle "EXT 2015"]
[Source "ChessBase"]
[SourceDate "2014.11.20"]
[SourceVersion "1"]
[SourceVersionDate "2014.11.20"]
[SourceQuality "1"]

1. e4 c5 2. Nf3 d6 3. d4 cxd4 4. Qxd4 Nc6 5. Bb5 Bd7 6. Bxc6 Bxc6 7. c4 Nf6 8. Nbd2 e6 9. 0-0 Be7 10. Re1 e5 11. Qd3 0-0 12. Nf1 Qc7 13. Ng3 Rfe8 14. Nf5 Bf8 15. Bg5 Re6 16. Nd2 Nd7 17. Qg3 Kh8 18. h4 h6 19. Be3 Nf6 20. c5 d5 21. exd5 Nxd5 22. Nc4 Nb4 23. h5 Nc2 24. Nd4 Nxd4 25. Bxd4 f6 26. b4 Qf7 27. Qg6 Qxg6 28. hxg6 Be8 29. f4 Bxg6 30. fxe5 fxe5 31. Nxe5 Be8 32. Ng4 Rxe1+ 33. Rxe1 Kh7 34. Ne5 Rd8 35. Bc3 a6 36. Nc4 Bf7 37. Na5 Rd7 38. a3 Be7 39. c6 bxc6 40. Nxc6 Bh4 41. Re4 Bg3 42. Nd4 Rc7 43. Ne2 Bd6 44. Bd4 Bg6 45. Re6 Be7 46. Rxa6 Bd3 47. Re6 Bxe2 48. Rxe2 Bg5 49. Bc5 Rc6 50. a4 h5 51. a5 Bd8 52. Re5 g6 53. Rd5 Bc7 54. b5 Re6 55. Rd7+ 1-0